Statistics for Countries With The Most Brazilian People

Click here to take the quiz!

General Stats

  • This quiz has been taken 50 times
    (18 since last reset)
  • The average score is 31 of 35

Answer Stats

BraziliansCountry% Correct
189,500Argentina
100%
32,800Bolivia
100%
122,500Canada
100%
39,500Chile
100%
145,000Germany
100%
59,800Ireland
100%
162,100Italy
100%
48,000Mexico
100%
10,850Norway
100%
316,780Portugal
100%
176,800Spain
100%
43,300Sweden
100%
224,000United Kingdom
100%
1,8 milUnited States
100%
49,700Uruguay
100%
56,600Australia
92%
52,000Belgium
92%
215,1 milBrazil
92%
151,700France
92%
16,000Guyana
92%
240,000Paraguay
92%
75,800Switzerland
92%
12,500Austria
83%
18,070Colombia
83%
7,650Greece
83%
211,100Japan
83%
35,000Netherlands
83%
9,500Russia
83%
8,000South Africa
83%
25,000Suriname
83%
15,200Denmark
75%
13,800New Zealand
75%
17,200Angola
50%
15,800Israel
33%
21,000Lebanon
33%

Score Distribution

Percentile by Number Answered

Percent of People with Each Score

Your Score History

You have not taken this quiz since the last reset